| 000 -LEADER |
| fixed length control field |
00796nam a22001337a 4500 |
| 040 ## - CATALOGING SOURCE |
| Transcribing agency |
RUA |
| 082 ## - DEWEY DECIMAL CLASSIFICATION NUMBER |
| Classification number |
VEM SRE 2021 B1-530 Or. |
| 100 ## - MAIN ENTRY--AUTHOR NAME |
| Personal name |
SREANG PHEARA,ស្រៀង ភារ៉ា |
| 245 ## - TITLE STATEMENT |
| Title |
CASE USAGE LEUCAENA CLAUCA EFFECT TO ASCARRIDIA SPP. IN DOMESTIC CHICKEN AT PREY PDAO COMMUNE,PREYKABAS DISTRICT,TAKEO PROVINCE,ករណីការប្រើប្រាស់ក្រាប់ក្ទម្ពទេសទល់នឹង ASCARIDIA SPP.លើមាន់ស្រុកនៅឃុំព្រៃផ្តៅស្រុកព្រៃកប្បាស់ ខេត្តតាកែវ |
| 260 ## - PUBLICATION, DISTRIBUTION, ETC. (IMPRINT) |
| Place of publication |
phnom penh |
| Name of publisher |
rua |
| Year of publication |
2021 |
| 300 ## - PHYSICAL DESCRIPTION |
| Number of Pages |
ix.29p. |
| Other physical details |
ill. |
| Dimensions |
29cm. |
| 856 ## - ELECTRONIC LOCATION AND ACCESS |
| Uniform Resource Identifier |
https://drive.google.com/file/d/1l1N2yXXz2aGAK_X687mtyrzQkI0ttF4r/view?usp=sharing |
| 942 ## - ADDED ENTRY ELEMENTS (KOHA) |
| Koha item type |
VEM |
| 952 ## - LOCATION AND ITEM INFORMATION (KOHA) |
| Withdrawn status [LOCAL, KOHA] |
0 |
| 952 ## - LOCATION AND ITEM INFORMATION (KOHA) |
| Withdrawn status [LOCAL, KOHA] |
0 |
| 952 ## - LOCATION AND ITEM INFORMATION (KOHA) |
| Withdrawn status [LOCAL, KOHA] |
0 |
| 952 ## - LOCATION AND ITEM INFORMATION (KOHA) |
| Withdrawn status [LOCAL, KOHA] |
0 |